000 00659nam a2200217Ia 4500
003 GCL
008 140319s9999 xx 000 0 eng d
040 _aGCL /
_cGCL
082 0 4 _a270.1
_bL E
100 1 _aLUCKERT, KARL W.
245 1 0 _aEGYPTIAN LIGHT AND HEBREW FIRE: THEOLOGICAL AND PHILOSOPHICAL BOOTS OF CHRISTENDOM IN EVOLUTIONARY PERSPECTIVE /
_cLUCKERT, KARL W.
260 _a[S.N] :
_bSTATE UNVIERSITY ،
_c1994
300 _a347 P
650 0 4 _aANCIENT PHILOSOPHY
650 0 4 _aEGYPTIAN LIBRARY
650 0 4 _aCHRISTIANITY
650 0 4 _aEGYPT - LITERATURE
650 0 4 _aEGYPT - RELATION - INFLUENCE
650 0 4 _aORIGIN
942 _2ddc
_cBK
999 _c10504
_d10504